000 00753nam a2200193 4500
008 171116b xxu||||| |||| 00| 0 eng d
020 _a1-55611-193-2
082 _21990
_aDC 364.106
_bR62
100 _923364
_aRoemer, William F., author.
245 _aWar of the godfathers:
_bthe bloody confrontation between the Chicago and New York families for control of Las Vegas/
_cWilliam F. Roemer, Jr.
260 _aNew York:
_bDonald I. Fine, Inc.,
_c©1990.
300 _axii, 340 pages:
_bIllustrations;
_c24 cm.
500 _aIncludes glossary and index.
650 0 _923365
_aOrganized crime
_zNevada, Las Vegas
650 0 _923366
_aCasinos
_zNevada, Las Vegas.
650 0 _923367
_aMafia
_zIllinois
650 0 _923368
_aMafia
_zNew York.
942 _2ddc
_cDC
999 _c7755
_d7755